[Event "Politiken Cup 2011"]
[Site "Helsingor"]
[Date "2011.08.02"]
[Round "5.69"]
[White "Gershenov, Ben"]
[Black "Bjorneboe, Kristian"]
[Result "1-0"]
[WhiteElo "2106"]
[BlackElo "1941"]
[PlyCount "95"]
[EventDate "2011.??.??"]
[WhiteTeam "Marshall"]
[BlackTeam "Helsingør"]

1. Nf3 Nf6 2. c4 e6 3. g3 c6 4. Bg2 d5 5. O-O Nbd7 6. b3 Bd6 7. d3 Qe7 8. Nc3
O-O 9. e4 dxe4 10. Nxe4 Nxe4 11. dxe4 e5 12. Qe2 Nf6 13. h3 Re8 14. Rd1 h6 15.
a3 Bc7 16. b4 b6 17. Rb1 a5 18. b5 c5 19. a4 Bb7 20. Nh4 Rad8 21. Bb2 g6 22.
Qe3 Kh7 23. Kh2 Qe6 24. Rd5 Ng8 25. Re1 Bxd5 26. exd5 Qe7 27. Qd3 Qxh4 28. gxh4
e4+ 29. Qg3 Bxg3+ 30. fxg3 f5 (30... g5 31. g4 Rf8 32. Be5 Rd7 33. h5) 31. g4
Rf8 32. Be5 Rd7 33. h5 gxh5 34. gxf5 Nf6 35. Bxf6 Rxf6 36. Bxe4 Kg7 37. Kg3 Re7
38. Kf4 Kf8 39. Rd1 Rd6 40. Bf3 h4 41. Bh5 Rg7 42. Re1 Re7 43. Re6 Rexe6 44.
dxe6 Rd4+ 45. Ke5 Rd3 46. f6 Kg8 47. e7 Kh7 48. Bg6+ 1-0

[Event "Politiken Cup 2011"]
[Site "Helsingor"]
[Date "2011.08.02"]
[Round "5.70"]
[White "Munk, Poul"]
[Black "Poulsen, Iver"]
[Result "1/2-1/2"]
[WhiteElo "1942"]
[BlackElo "2102"]
[PlyCount "123"]
[EventDate "2011.??.??"]
[WhiteTeam "BMS"]
[BlackTeam "Esbjerg"]

1. d4 d5 2. c4 e6 3. Nc3 c6 4. cxd5 exd5 5. Bf4 Qb6 6. Qd2 Nf6 7. a3 Be7 8. h3
Bf5 9. e3 Nbd7 10. Nf3 h6 11. Be2 a5 12. Rc1 Qa7 13. Ne5 Nxe5 14. Bxe5 O-O 15.
Bd3 Bxd3 16. Bxf6 Bxf6 17. Qxd3 Qa6 18. Qxa6 Rxa6 19. Na4 Be7 20. Ke2 Re8 21.
Rhd1 Bd6 22. Kd3 Re7 23. g4 Ra8 24. Rc2 Rf8 25. Rg1 Rfe8 26. Rcc1 f6 27. Rg2
Kf7 28. Kd2 g5 29. Nc5 Kg6 30. Nb3 Bc7 31. Nc5 Bb6 32. Na4 Ba7 33. Nc5 Rh8 34.
Nd3 h5 35. Rcg1 hxg4 36. hxg4 Rh3 37. Rc1 Kf7 38. Rgg1 Rh4 39. Rg2 Ke8 40. Rcg1
Bb8 41. Rc1 Bd6 42. Ke2 Kd7 43. Kd2 Rh3 44. Ke2 Kc7 45. Kd2 Kd7 46. Ke2 Reh7
47. Rcg1 Rh2 48. Rxh2 Rxh2 49. Kf3 b6 50. Rc1 Rh3+ 51. Ke2 Rh2 52. Kf3 Rh4 53.
Rc2 b5 54. Nc5+ Bxc5 55. Rxc5 Kd6 56. a4 bxa4 57. Rxa5 Rh1 58. Rxa4 Rb1 59. Rb4
Kc7 60. Rb3 Rg1 61. Ra3 Rb1 62. Rb3 1/2-1/2

[Event "Politiken Cup 2011"]
[Site "Helsingor"]
[Date "2011.08.02"]
[Round "5.71"]
[White "Hansen, Morten Moller"]
[Black "Christensen, Casper"]
[Result "1-0"]
[WhiteElo "2097"]
[BlackElo "1937"]
[PlyCount "89"]
[EventDate "2011.??.??"]
[WhiteTeam "Damhus"]
[BlackTeam "BMS"]

1. d4 Nf6 2. c4 c5 3. d5 d6 4. Nc3 Bf5 5. Qb3 Qb6 6. Qxb6 axb6 7. f3 Bd7 8. e4
Na6 9. Be3 g6 10. g4 Bg7 11. Kd2 O-O 12. Nge2 Ra7 13. g5 Ne8 14. h4 Nec7 15.
Bh3 Nb8 16. f4 e6 17. f5 exf5 18. exf5 Bxf5 19. Bxf5 gxf5 20. Raf1 Nd7 21. a4
Ne8 22. Rxf5 Be5 23. b3 Ng7 24. Rf2 Nh5 25. Ne4 f5 26. gxf6 Ndxf6 27. Rg1+ Kh8
28. Kd3 Raa8 29. Ng5 Ng7 30. Nf4 Bxf4 31. Bxf4 Nfh5 32. Rgf1 h6 33. Ne4 Nxf4+
34. Rxf4 Kg8 35. Rxf8+ Rxf8 36. Rxf8+ Kxf8 37. Nxd6 Ke7 38. Nxb7 Nf5 39. a5
bxa5 40. Nxc5 Nxh4 41. Ne4 Nf5 42. c5 h5 43. Ng5 Ng3 44. d6+ Kd7 45. Ne4 1-0

[Event "Politiken Cup 2011"]
[Site "Helsingor"]
[Date "2011.08.02"]
[Round "5.72"]
[White "Krasenkova, Ilena"]
[Black "Rasmussen, Morten"]
[Result "1-0"]
[WhiteElo "2092"]
[BlackElo "1931"]
[PlyCount "79"]
[EventDate "2011.??.??"]
[BlackTeam "Skanderborg"]

1. d4 d5 2. c4 c6 3. Nf3 Nf6 4. Qc2 e6 5. Nbd2 Nbd7 6. g3 Bd6 7. Bg2 e5 8. cxd5
Nxd5 9. O-O N5b6 10. Ne4 Bc7 11. Bg5 f6 12. Rad1 Qe7 13. Bc1 O-O 14. e3 Re8 15.
Nc5 Nxc5 16. dxc5 Nd7 17. b4 a5 18. a3 axb4 19. axb4 Nf8 20. Nd2 Be6 21. Nc4
Red8 22. h4 Qf7 23. Rxd8 Rxd8 24. Nb2 Bb3 25. Qc3 Ng6 26. b5 Ne7 27. b6 Bb8 28.
e4 Ng6 29. Be3 Nf8 30. Ra1 Ba2 31. Bf1 Kh8 32. Be2 Qb3 33. Qxb3 Bxb3 34. Bc4
Bxc4 35. Nxc4 Ne6 36. Ra8 Bc7 37. Rxd8+ Bxd8 38. Nd6 Be7 39. Nxb7 Kg8 40. Na5
1-0

[Event "Politiken Cup 2011"]
[Site "Helsingor"]
[Date "2011.08.02"]
[Round "5.73"]
[White "Svanholm, Borge Waaktaar"]
[Black "Hvenekilde, Jorgen"]
[Result "0-1"]
[WhiteElo "1926"]
[BlackElo "2089"]
[PlyCount "72"]
[EventDate "2011.??.??"]
[WhiteTeam "SK Stjernen"]
[BlackTeam "AS04"]

1. c4 Nf6 2. Nc3 g6 3. g3 Bg7 4. Bg2 O-O 5. Nf3 d6 6. d4 Nc6 7. O-O Bf5 8. b3
Qd7 9. Re1 Bh3 10. Bh1 h6 11. Bb2 Rae8 12. d5 Nd8 13. e4 Ng4 14. Qd2 e5 15.
dxe6 fxe6 16. Re2 Nc6 17. Nd1 Re7 18. Bxg7 Rxg7 19. Bg2 Bxg2 20. Kxg2 Qf7 21.
Qc3 e5 22. h3 Nd4 23. Nxd4 exd4 24. Qd2 Qf3+ 25. Kg1 Ne5 26. Nb2 h5 27. Rd1 h4
28. Nd3 hxg3 29. Nxe5 dxe5 30. fxg3 Qxg3+ 31. Rg2 Qxh3 32. Qe2 Qh5 33. Qxh5
gxh5 34. Rdd2 Rf4 35. Rxg7+ Kxg7 36. Rg2+ Rg4 0-1

[Event "Politiken Cup 2011"]
[Site "Helsingor"]
[Date "2011.08.02"]
[Round "5.76"]
[White "Thybo, Jesper Sondergaard"]
[Black "Johansson, Anders 1973"]
[Result "1-0"]
[WhiteElo "1921"]
[BlackElo "2089"]
[PlyCount "77"]
[EventDate "2011.??.??"]
[WhiteTeam "Skive"]
[BlackTeam "LASK"]

1. e4 Nf6 2. e5 Nd5 3. d4 d6 4. Nf3 Bg4 5. Be2 c6 6. O-O Bxf3 7. Bxf3 dxe5 8.
dxe5 e6 9. Qe2 Nd7 10. c4 Ne7 11. b3 Ng6 12. Bb2 Qc7 13. Bh5 Nf4 14. Qf3 Nxh5
15. Qxh5 Be7 16. f4 O-O 17. Rf3 Rfd8 18. f5 g6 19. Rg3 Nf6 20. Qe2 Qb6+ 21. Kf1
Ne4 22. Qxe4 Rd1+ 23. Ke2 Qg1 24. Nd2 Qe1+ 25. Kf3 Qxd2 26. fxg6 fxg6 27. Qe3
Rf8+ 28. Kg4 Rf2 29. Rxd1 Qxd1+ 30. Rf3 Rxb2 31. Qf4 Rxg2+ 32. Kh3 Qh1 33. Qf7+
Kh8 34. Qe8+ Kg7 35. Qxe7+ Kh6 36. Qh4+ Kg7 37. Qf6+ Kh6 38. Qf4+ Rg5 39. Rg3
1-0

[Event "Politiken Cup 2011"]
[Site "Helsingor"]
[Date "2011.08.02"]
[Round "5.74"]
[White "Hansen, Rolf Stig"]
[Black "Jonsson, Lennart"]
[Result "0-1"]
[WhiteElo "1918"]
[BlackElo "2086"]
[PlyCount "66"]
[EventDate "2011.??.??"]
[WhiteTeam "AS04"]
[BlackTeam "Malmö Allmanna Schackklubb"]

1. d4 f5 2. Nf3 Nf6 3. Bf4 e6 4. e3 d5 5. Nbd2 Bd6 6. Ne5 O-O 7. Be2 c5 8. c3
Nc6 9. O-O Qe7 10. h3 Bxe5 11. dxe5 Nd7 12. Nf3 h6 13. h4 Kh7 14. Bd3 g6 15.
Bc2 Qg7 16. c4 Nb6 17. cxd5 exd5 18. Ba4 Be6 19. Bxc6 bxc6 20. Qc1 Qe7 21. b4
c4 22. Nd4 Rac8 23. e4 dxe4 24. Bxh6 Rfe8 25. h5 gxh5 26. Qf4 Nd5 27. Qc1 Rg8
28. Bd2 Rxg2+ 29. Kxg2 Rg8+ 30. Bg5 Rxg5+ 31. Qxg5 Qxg5+ 32. Kh2 Nf4 33. Rg1
Qh4# 0-1

[Event "Politiken Cup 2011"]
[Site "Helsingor"]
[Date "2011.08.02"]
[Round "5.77"]
[White "Tandrup, Michael"]
[Black "Nielsen, Poul Erik"]
[Result "1/2-1/2"]
[WhiteElo "1917"]
[BlackElo "2083"]
[PlyCount "39"]
[EventDate "2011.??.??"]
[WhiteTeam "Herlev"]
[BlackTeam "Holstebro"]

1. d4 d5 2. Nf3 Nf6 3. e3 g6 4. b3 Bg7 5. Bb2 O-O 6. Bd3 Re8 7. Nbd2 Nbd7 8. h3
c5 9. O-O b6 10. c4 e6 11. Rc1 Bb7 12. Bb1 Rc8 13. Re1 a6 14. Ne5 Nxe5 15. dxe5
Nd7 16. f4 b5 17. e4 Qb6 18. exd5 exd5 19. cxd5 Bxd5 20. Ne4 1/2-1/2

[Event "Politiken Cup 2011"]
[Site "Helsingor"]
[Date "2011.08.02"]
[Round "5.78"]
[White "Schmied, Andreas"]
[Black "Marshall, Michael"]
[Result "1-0"]
[WhiteElo "2081"]
[BlackElo "1918"]
[PlyCount "91"]
[EventDate "2011.??.??"]
[BlackTeam "Odysseus"]

1. d4 Nf6 2. c4 e6 3. g3 Bb4+ 4. Bd2 Qe7 5. Nf3 Bxd2+ 6. Qxd2 O-O 7. Bg2 d5 8.
cxd5 exd5 9. Nc3 c6 10. O-O Nbd7 11. Rfe1 Ne4 12. Qc2 f5 13. e3 Ndf6 14. Ne5
Be6 15. Rab1 Nd7 16. Nxd7 Qxd7 17. b4 a6 18. Na4 Qf7 19. Nc5 Nd6 20. Nd3 Ne4
21. a4 Nd6 22. Ne5 Qe7 23. Bf1 Bd7 24. b5 axb5 25. axb5 Nxb5 26. Bxb5 cxb5 27.
Qc7 Rfd8 28. Qxb7 Qe6 29. Nxd7 Qxd7 30. Rxb5 Rac8 31. Ra1 Rc2 32. Qa6 Rc6 33.
Qa5 Rcc8 34. Rab1 Rc7 35. Rxd5 Qxd5 36. Qxc7 Rd7 37. Rb8+ Kf7 38. Qc8 Kg6 39.
Qe8+ Kh6 40. Rb6+ g6 41. Rb1 Rc7 42. Qb5 Qe4 43. Rd1 Qf3 44. Qd3 Qd5 45. Qd2
Rc8 46. e4+ 1-0

[Event "Politiken Cup 2011"]
[Site "Helsingor"]
[Date "2011.08.02"]
[Round "5.79"]
[White "Hansen, Verner"]
[Black "Zivkovic, Milenko"]
[Result "0-1"]
[WhiteElo "1915"]
[BlackElo "2079"]
[PlyCount "130"]
[EventDate "2011.??.??"]
[WhiteTeam "Espergærde"]
[BlackTeam "Perlen"]

1. e4 e5 2. Nf3 Nc6 3. Bb5 a6 4. Bxc6 dxc6 5. O-O Bg4 6. h3 h5 7. d3 Qf6 8.
Nbd2 Ne7 9. Nc4 Ng6 10. Ne3 Bxf3 11. Qxf3 Qxf3 12. gxf3 Nh4 13. Nc4 Nxf3+ 14.
Kg2 Nh4+ 15. Kh1 Ng6 16. f4 exf4 17. Bxf4 O-O-O 18. Bg3 f6 19. Rg1 Bc5 20. Bxc7
Bxg1 21. Bxd8 Bd4 22. Bb6 Bxb6 23. Nxb6+ Kc7 24. Nc4 Nf4 25. Kh2 b5 26. Ne3 c5
27. Rf1 g5 28. Ng2 Nxg2 29. Kxg2 Rh6 30. Rf5 Kd6 31. c3 Rg6 32. Kg3 Kc6 33. b3
Kd6 34. d4 cxd4 35. cxd4 Ke6 36. a4 bxa4 37. bxa4 Rg8 38. Ra5 h4+ 39. Kg4 Rd8
40. Rxa6+ Kf7 41. d5 Re8 42. Kf3 Rb8 43. Ra7+ Kg6 44. d6 Rb3+ 45. Ke2 Rb2+ 46.
Ke3 Rb3+ 47. Kd4 Rxh3 48. Rb7 Ra3 49. Rb4 Kf7 50. Kd5 Rd3+ 51. Kc5 Ke6 52. Rb6
h3 53. Rb2 Rxd6 54. Rh2 g4 55. a5 Ra6 56. Kb5 Ra8 57. a6 Ke5 58. Kb6 Kxe4 59.
Kb7 Rxa6 60. Kxa6 Kf3 61. Kb5 Kg3 62. Ra2 h2 63. Ra1 Kg2 64. Ra2+ Kh3 65. Ra1
g3 0-1

[Event "Politiken Cup 2011"]
[Site "Helsingor"]
[Date "2011.08.02"]
[Round "5.80"]
[White "Halamus, Agata"]
[Black "Rydstrom, Tom"]
[Result "1-0"]
[WhiteElo "2076"]
[BlackElo "1905"]
[PlyCount "83"]
[EventDate "2011.??.??"]
[WhiteTeam "AKS Mikolow"]

1. e4 e5 2. Nf3 Nc6 3. Bc4 Nf6 4. d3 Bc5 5. O-O d6 6. c3 h6 7. Re1 O-O 8. Bb3
Re8 9. Nbd2 Bg4 10. h3 Bh5 11. Nf1 d5 12. Ng3 Bg6 13. Qe2 d4 14. Nh4 Bh7 15.
Nhf5 Ne7 16. cxd4 Nxf5 17. Nxf5 Bb4 18. Rd1 Bxf5 19. exf5 Qxd4 20. Be3 Qd7 21.
d4 e4 22. Rac1 Bd6 23. g4 c6 24. Qd2 h5 25. Bg5 Nh7 26. Bf4 Qc7 27. Bxd6 Qxd6
28. Qe3 hxg4 29. hxg4 Qf6 30. Kg2 Rad8 31. Rh1 Rd6 32. Qh3 Qh6 33. Qg3 Qf6 34.
Rh5 g6 35. Rh6 Kg7 36. Rch1 Ng5 37. Qh4 a5 38. Rh8 Qe7 39. Rxe8 Qxe8 40. Qxg5
Qd7 41. Qh6+ Kf6 42. Qh4+ 1-0

[Event "Politiken Cup 2011"]
[Site "Helsingor"]
[Date "2011.08.02"]
[Round "5.81"]
[White "Fjellengen, Bard"]
[Black "Taksrud, Vidar"]
[Result "0-1"]
[WhiteElo "1905"]
[BlackElo "2074"]
[PlyCount "50"]
[EventDate "2011.??.??"]
[WhiteTeam "Sarpsborg Sjakklubb"]
[BlackTeam "Tempo Sjakk"]

1. d4 Nf6 2. Nf3 e6 3. h4 c5 4. Bf4 cxd4 5. Nxd4 e5 6. Bg3 exd4 7. Qxd4 Nc6 8.
Qa4 Qb6 9. Nd2 d5 10. O-O-O Bc5 11. e3 Bd7 12. Qb3 a5 13. Qxb6 Bxb6 14. a3 O-O
15. Bd3 Rac8 16. Bf4 h6 17. f3 Rfe8 18. Rde1 Nh5 19. g4 Nxf4 20. exf4 Be3 21.
f5 Nd4 22. Kd1 Bxd2 23. Rxe8+ Rxe8 24. Kxd2 Nxf3+ 25. Kd1 Bc6 0-1

[Event "Politiken Cup 2011"]
[Site "Helsingor"]
[Date "2011.08.02"]
[Round "5.82"]
[White "Hinrichs, Lars"]
[Black "Finnlaugsson, Gunnar"]
[Result "0-1"]
[WhiteElo "1894"]
[BlackElo "2072"]
[PlyCount "62"]
[EventDate "2011.??.??"]
[WhiteTeam "Hamburger Schachklub"]
[BlackTeam "LASK"]

1. e4 e6 2. d4 d5 3. Nd2 dxe4 4. Nxe4 Nf6 5. Nxf6+ gxf6 6. Be3 b6 7. Qf3 c6 8.
O-O-O Bb7 9. Nh3 Nd7 10. Bd3 Qc7 11. Qh5 Bd6 12. Rhe1 O-O-O 13. Qxf7 Rde8 14.
Bc4 Kb8 15. Bh6 Re7 16. Qh5 Rhe8 17. Re2 e5 18. Rde1 c5 19. dxe5 Nxe5 20. Bb5
Rg8 21. f4 Nc6 22. Rxe7 Nxe7 23. g3 Bc8 24. Nf2 Nf5 25. Bc4 Rg6 26. Re8 Qd7 27.
Rh8 Rxh6 28. Qf3 Rxh2 29. Ba6 Ne7 30. Ne4 Bc7 31. Nd6 Bxd6 0-1

[Event "Politiken Cup 2011"]
[Site "Helsingor"]
[Date "2011.08.02"]
[Round "5.120"]
[White "Seirup, Simon"]
[Black "Jensen, Morten Frank"]
[Result "0-1"]
[WhiteElo "1694"]
[BlackElo "2064"]
[PlyCount "58"]
[EventDate "2011.??.??"]
[WhiteTeam "Jyderup"]
[BlackTeam "Præstø"]

1. d4 g6 2. c4 Bg7 3. Nc3 c5 4. Nf3 cxd4 5. Nxd4 Nc6 6. e3 Qa5 7. Bd2 Nxd4 8.
Nb5 Qd8 9. Nxd4 Nf6 10. Be2 O-O 11. Bf3 e5 12. Nb5 e4 13. Be2 d5 14. Qb3 a6 15.
Nd4 dxc4 16. Qxc4 b5 17. Qc2 Bb7 18. O-O Rc8 19. Qd1 Qb6 20. Rc1 Nd5 21. Be1
Kh8 22. b4 f5 23. Nb3 Rxc1 24. Qxc1 f4 25. Nc5 f3 26. gxf3 exf3 27. Bd3 Be5 28.
Nxb7 Qe6 29. Kh1 Qh3 0-1

[Event "Politiken Cup 2011"]
[Site "Helsingor"]
[Date "2011.08.02"]
[Round "5.83"]
[White "Storch, Dominik"]
[Black "Carnstam, Tomas"]
[Result "1/2-1/2"]
[WhiteElo "1883"]
[BlackElo "2062"]
[PlyCount "101"]
[EventDate "2011.??.??"]
[WhiteTeam "Sabt Franfurter SV 1860"]

1. f4 b6 2. Nf3 e6 3. b3 Be7 4. Bb2 Bf6 5. d4 Bb7 6. e3 c5 7. Be2 Ne7 8. O-O
cxd4 9. exd4 Nf5 10. Qd2 h5 11. c4 d5 12. c5 bxc5 13. dxc5 Bxb2 14. Qxb2 Qc7
15. b4 Qxf4 16. Na3 Qe3+ 17. Rf2 O-O 18. Nc2 Qf4 19. b5 Qc7 20. c6 Bxc6 21.
bxc6 Nxc6 22. Rc1 Rab8 23. Qa3 Qb6 24. Kf1 h4 25. Bd3 Nce7 26. Nxh4 Nd6 27. Nf3
Qb2 28. Qxb2 Rxb2 29. Ncd4 Rxf2+ 30. Kxf2 Ne4+ 31. Bxe4 dxe4 32. Ne5 Rd8 33.
Nb3 Nd5 34. Rc4 f5 35. Rc6 Nb4 36. Rxe6 Nxa2 37. Ra6 Nc3 38. Rxa7 Rb8 39. Nd4
Rb2+ 40. Kg3 f4+ 41. Kh3 Ne2 42. Ne6 Ng1+ 43. Kg4 Rxg2+ 44. Kxf4 Nf3 45. Nxf3
exf3 46. Ng5 g6 47. Nxf3 g5+ 48. Nxg5 Rxh2 49. Kf5 Kf8 50. Ne4 Re2 51. Kf6
1/2-1/2

[Event "Politiken Cup 2011"]
[Site "Helsingor"]
[Date "2011.08.02"]
[Round "5.84"]
[White "Pedersen, Bent O"]
[Black "Hauge, Lars Oskar"]
[Result "0-1"]
[WhiteElo "1860"]
[BlackElo "2052"]
[PlyCount "66"]
[EventDate "2011.??.??"]
[WhiteTeam "Hvidovre"]

1. e4 c5 2. Nf3 d6 3. d4 cxd4 4. Nxd4 Nf6 5. Nc3 a6 6. Be3 e5 7. Nb3 Be6 8. Be2
Be7 9. Bf3 Nbd7 10. Qd2 Qc7 11. O-O O-O 12. Rfd1 b5 13. a3 Nb6 14. Bxb6 Qxb6
15. Nc1 Rfd8 16. Nd3 a5 17. b4 a4 18. Nb2 Rac8 19. Nd5 Nxd5 20. exd5 Bf5 21.
Rac1 h6 22. c4 Bg5 23. Qe2 Bxc1 24. Rxc1 bxc4 25. Qe3 Qb5 26. Rc3 e4 27. Bd1
Qxd5 28. Bxa4 Be6 29. Bc2 f5 30. a4 Qe5 31. g3 d5 32. f4 Qf6 33. Qd2 d4 0-1

[Event "Politiken Cup 2011"]
[Site "Helsingor"]
[Date "2011.08.02"]
[Round "5.86"]
[White "Christensen, Klaus"]
[Black "Rauramaa, Julius"]
[Result "0-1"]
[WhiteElo "2044"]
[BlackElo "1904"]
[PlyCount "74"]
[EventDate "2011.??.??"]
[WhiteTeam "Århus/skolerne"]
[BlackTeam "Matinkylan Shakkikenho"]

1. c4 e5 2. Nc3 Nc6 3. Nf3 Nf6 4. d4 exd4 5. Nxd4 Bc5 6. Nxc6 bxc6 7. e3 O-O 8.
Be2 d5 9. O-O Bf5 10. b3 Qe7 11. Bb2 Rad8 12. cxd5 cxd5 13. Nb5 Bg6 14. Qc1 Ne4
15. Bd4 c6 16. Bxc5 Nxc5 17. Nd4 Rc8 18. Qa3 Qd6 19. Rac1 Ne4 20. Qxd6 Nxd6 21.
Rxc6 Ne4 22. Rfc1 Ra8 23. Rc7 a5 24. Nc6 Nf6 25. Ne7+ Kh8 26. Nxg6+ hxg6 27.
Bd3 Ne4 28. Rd7 Rac8 29. Rcc7 Nc5 30. Rxc5 Rxc5 31. h3 Kg8 32. Ra7 Rfc8 33. Kh2
R8c7 34. Ra8+ Kh7 35. Kg3 Rd7 36. h4 d4 37. exd4 Rc3 0-1

[Event "Politiken Cup 2011"]
[Site "Helsingor"]
[Date "2011.08.02"]
[Round "5.85"]
[White "Percivaldi, Martin"]
[Black "Haubro, Martin"]
[Result "0-1"]
[WhiteElo "1838"]
[BlackElo "2040"]
[PlyCount "62"]
[EventDate "2011.??.??"]
[WhiteTeam "Hillerød"]
[BlackTeam "BMS"]

1. e4 c5 2. Nf3 d6 3. d4 cxd4 4. Nxd4 Nf6 5. Nc3 a6 6. Bg5 Nbd7 7. Qd2 e6 8.
O-O-O Qc7 9. f4 b5 10. Bd3 Bb7 11. Qe3 Be7 12. Qf3 Nc5 13. Rde1 b4 14. Nd1 a5
15. Bb5+ Kf8 16. Nf2 a4 17. Kb1 Qb6 18. Bc4 a3 19. Nb3 Na4 20. Nd1 axb2 21. f5
Nc3+ 22. Nxc3 bxc3 23. Qxc3 Nxe4 24. Bxe7+ Kxe7 25. Qxb2 Qb4 26. Rxe4 Bxe4 27.
Bd3 Bxd3 28. cxd3 Qb5 29. fxe6 Qxd3+ 30. Ka1 Rhb8 31. Qxg7 Rxa2+ 0-1

[Event "Politiken Cup 2011"]
[Site "Helsingor"]
[Date "2011.08.02"]
[Round "5.87"]
[White "Barane, Simon"]
[Black "Hyldkrog, Lars"]
[Result "1/2-1/2"]
[WhiteElo "1830"]
[BlackElo "2038"]
[PlyCount "72"]
[EventDate "2011.??.??"]
[WhiteTeam "Sandness"]
[BlackTeam "LVS"]

1. d4 Nf6 2. f3 d5 3. e4 e6 4. Nc3 Bb4 5. Bg5 h6 6. Bxf6 Qxf6 7. exd5 exd5 8.
Qe2+ Qe6 9. O-O-O Bxc3 10. bxc3 O-O 11. c4 c6 12. cxd5 cxd5 13. Qxe6 Bxe6 14.
Ne2 Bf5 15. Ng3 Bh7 16. Bd3 Nc6 17. Nf5 Rfe8 18. c3 a6 19. Rhe1 b5 20. Nd6 Rxe1
21. Bxh7+ Kxh7 22. Rxe1 Ra7 23. Nc8 Rc7 24. Nb6 Nxd4 25. Kb2 Ne6 26. Nxd5 Rd7
27. Rd1 Kh8 28. Ne3 Rxd1 29. Nxd1 Nf4 30. Ne3 Kg8 31. Kb3 Kf8 32. a4 Nd3 33.
axb5 axb5 34. Nd5 Ne1 35. Ne3 Nd3 36. Nd5 Ne1 1/2-1/2

[Event "Politiken Cup 2011"]
[Site "Helsingor"]
[Date "2011.08.02"]
[Round "5.88"]
[White "Schmidt, Horst Hubert"]
[Black "Nielsen, Frode B"]
[Result "1-0"]
[WhiteElo "1816"]
[BlackElo "2028"]
[PlyCount "71"]
[EventDate "2011.??.??"]
[WhiteTeam "Brønshøj"]
[BlackTeam "Frederiksberg"]

1. Nf3 Nf6 2. d4 c5 3. e3 e6 4. Bd3 a6 5. O-O Qc7 6. c3 b5 7. Nbd2 Bb7 8. e4
cxd4 9. cxd4 d6 10. b3 e5 11. Bb2 exd4 12. Bxd4 Nc6 13. Rc1 Qa5 14. e5 Nxd4 15.
exf6 Ne6 16. Ne4 Qxa2 17. Bxb5+ axb5 18. Nxd6+ Bxd6 19. Qxd6 gxf6 20. Rfe1 Qa6
21. Qb4 Bxf3 22. Rc7 Qa3 23. Qxb5+ Kf8 24. Rcc1 Rg8 25. g3 Rg5 26. Qd3 Bd5 27.
Qxh7 Qxb3 28. Rc7 Rg7 29. Qh8+ Rg8 30. Qh6+ Rg7 31. Qh8+ Rg8 32. Qh6+ Ng7 33.
Qxf6 Qb4 34. Rec1 Qe4 35. Qd6+ Qe7 36. Qxe7# 1-0

[Event "Politiken Cup 2011"]
[Site "Helsingor"]
[Date "2011.08.02"]
[Round "5.89"]
[White "Mortensen, Henrik"]
[Black "Nielsen, Kai Gylling"]
[Result "1/2-1/2"]
[WhiteElo "2024"]
[BlackElo "1890"]
[PlyCount "70"]
[EventDate "2011.??.??"]
[WhiteTeam "Horsens"]
[BlackTeam "Roskilde"]

1. e4 c5 2. Ne2 e5 3. c4 Nc6 4. g3 Nf6 5. Bg2 Be7 6. Nbc3 d6 7. d3 a6 8. O-O h6
9. f4 Bg4 10. h3 Bxe2 11. Qxe2 Nd4 12. Qf2 b5 13. Be3 O-O 14. g4 b4 15. Nd5
Nxd5 16. exd5 f6 17. Rae1 f5 18. Bxd4 Bh4 19. Qe2 Bxe1 20. Bxc5 dxc5 21. Qxe1
fxg4 22. fxe5 Rxf1+ 23. Qxf1 gxh3 24. Bxh3 Qg5+ 25. Kh1 Qxe5 26. Be6+ Kh8 27.
Qf7 Qxb2 28. d6 Qc1+ 29. Kg2 Qd2+ 30. Kg1 Qxd3 31. d7 Qd4+ 32. Kg2 Qf6 33. Qe8+
Qf8 34. Qg6 Qf6 35. Qe8+ Qf8 1/2-1/2

[Event "Politiken Cup 2011"]
[Site "Helsingor"]
[Date "2011.08.02"]
[Round "5.90"]
[White "Aartun, Magnus"]
[Black "Radice, Luca"]
[Result "1-0"]
[WhiteElo "1788"]
[BlackElo "2021"]
[PlyCount "49"]
[EventDate "2011.??.??"]
[WhiteTeam "Stavanger"]
[BlackTeam "Monza"]

1. d4 d5 2. c4 e6 3. Nc3 Nf6 4. cxd5 exd5 5. Bg5 c6 6. e3 Be7 7. Bd3 Nbd7 8.
Nge2 Nh5 9. Bxe7 Qxe7 10. Qc2 g6 11. Ng3 Ng7 12. O-O O-O 13. Rae1 f5 14. f3 Qd6
15. Nge2 Nf6 16. Kh1 Bd7 17. Qb3 Kh8 18. Qxb7 Rfb8 19. Qa6 Rxb2 20. Rb1 Qb4 21.
e4 dxe4 22. fxe4 Nxe4 23. Bxe4 fxe4 24. Rxb2 Qxb2 25. Qxa7 1-0

[Event "Politiken Cup 2011"]
[Site "Helsingor"]
[Date "2011.08.02"]
[Round "5.91"]
[White "Madison, Sigurd"]
[Black "Celander, Adam"]
[Result "1-0"]
[WhiteElo "1749"]
[BlackElo "2006"]
[PlyCount "93"]
[EventDate "2011.??.??"]
[WhiteTeam "LASK"]

1. e4 c5 2. Nf3 d6 3. d4 cxd4 4. Nxd4 Nf6 5. Nc3 a6 6. Be2 e5 7. Nb3 Be7 8. O-O
O-O 9. Be3 b6 10. Nd5 Nxd5 11. exd5 Nd7 12. a4 Bb7 13. c4 a5 14. Qc2 f5 15. f3
f4 16. Bf2 Qe8 17. Nd2 Rf6 18. Ne4 Rh6 19. Bd3 Qh5 20. h3 Bc8 21. Rfe1 Nf8 22.
Bf1 Rg6 23. Kh2 Rb8 24. Qb3 Nd7 25. Qc3 Rh6 26. b4 axb4 27. Qxb4 g5 28. Qc3 Nf6
29. a5 Nxe4 30. Rxe4 Bf5 31. Ree1 bxa5 32. Rxa5 Bf6 33. Qa3 Rd8 34. Ra8 Rxa8
35. Qxa8+ Kg7 36. Qb7+ Qf7 37. Qb6 Be7 38. Ra1 g4 39. fxg4 Bxg4 40. Ra7 f3 41.
Be3 Rh5 42. Qb2 Kg8 43. c5 e4 44. c6 Qf6 45. Qf2 Qe5+ 46. Qg3 Qc3 47. Qxg4+ 1-0

[Event "Politiken Cup 2011"]
[Site "Helsingor"]
[Date "2011.08.02"]
[Round "5.92"]
[White "Pimenta, Antonio"]
[Black "Andersen, Dag"]
[Result "0-1"]
[WhiteElo "2006"]
[BlackElo "1885"]
[PlyCount "160"]
[EventDate "2011.??.??"]
[WhiteTeam "Dommeldange Beggen"]
[BlackTeam "Sarpsborg Sjakklubb"]

1. Nc3 d5 2. e4 d4 3. Nce2 c5 4. Ng3 Nc6 5. Bc4 Nf6 6. d3 e6 7. f4 b5 8. Bb3
Na5 9. Nf3 Nxb3 10. axb3 Be7 11. O-O O-O 12. Bd2 a5 13. Ne5 Bb7 14. Qe1 b4 15.
Qe2 Qc7 16. Nc4 Nd7 17. f5 e5 18. Nh5 f6 19. Qg4 Rf7 20. Bh6 Bf8 21. Rf3 Nb8
22. Rg3 Ra6 23. Qh4 Kh8 24. Bd2 Bc8 25. Rh3 h6 26. Qg4 g5 27. Ng3 Rh7 28. Qh5
Bd7 29. Qg4 Be8 30. Nh5 Nd7 31. Rf3 Bf7 32. Kh1 Bxc4 33. bxc4 a4 34. Rff1 Be7
35. Ng3 Qa7 36. Qh5 Nf8 37. Qe8 Qd7 38. Qh5 Bd8 39. h3 Qe7 40. Qd1 Qe8 41. Nh5
Rha7 42. g4 Qc6 43. Kg2 a3 44. bxa3 Rxa3 45. Rxa3 Rxa3 46. Be1 Qa4 47. Bg3 Ra2
48. Rf2 Nd7 49. h4 Ra1 50. Qe2 Rc1 51. hxg5 hxg5 52. Kf3 Qa1 53. Rh2 Kg8 54.
Bf2 Qc3 55. Bg3 Kf8 56. Qd2 Qa1 57. Qe2 Qb2 58. Be1 b3 59. cxb3 Qxb3 60. Ng3
Qb1 61. Bf2 Rc3 62. Kg2 Rxd3 63. Rh1 Qb3 64. Rh8+ Ke7 65. Rh7+ Kd6 66. Nh5 Qxc4
67. Qb2 Rb3 68. Qa1 Qd3 69. Ng3 Ra3 70. Qb2 Nb6 71. Rb7 Nc4 72. Rd7+ Kxd7 73.
Qb7+ Ke8 74. Qc6+ Kf8 75. Qxc5+ Kg7 76. Nh5+ Kh7 77. Ng3 Qf3+ 78. Kh3 Ne3 79.
Bxe3 Qxe3 80. Qf8 Qxg3# 0-1

[Event "Politiken Cup 2011"]
[Site "Helsingor"]
[Date "2011.08.02"]
[Round "5.101"]
[White "Rasmussen, Henning"]
[Black "Hedlerfog, Robert"]
[Result "1/2-1/2"]
[WhiteElo "1829"]
[BlackElo "2006"]
[PlyCount "59"]
[EventDate "2011.??.??"]
[WhiteTeam "Nykøbing Sjælland"]
[BlackTeam "HG Schack"]

1. d4 e6 2. e4 c5 3. Nf3 cxd4 4. Nxd4 Nf6 5. Nc3 a6 6. e5 Ng8 7. Be2 d5 8. exd6
Bxd6 9. O-O $2 Nf6 10. Bf3 O-O $2 11. g3 Re8 12. Bg5 Be7 13. Nb3 Nd5 14. Bxe7
Nxe7 15. Qxd8 Rxd8 16. Rfd1 Rf8 17. Rd2 Nbc6 18. Rad1 Ne5 19. Be2 N7c6 20. f4
Ng6 21. Nd4 Nge7 22. Nxc6 Nxc6 23. Bf3 Rb8 24. b3 f6 25. Bxc6 bxc6 26. Rd8 Bb7
27. Rxf8+ Kxf8 28. Na4 Ke7 29. Nc5 Bc8 30. c4 1/2-1/2

[Event "Politiken Cup 2011"]
[Site "Helsingor"]
[Date "2011.08.02"]
[Round "5.93"]
[White "Johansen, Johnny Holler"]
[Black "Christensen, Benjamin"]
[Result "1/2-1/2"]
[WhiteElo "1998"]
[BlackElo "1880"]
[PlyCount "60"]
[EventDate "2011.??.??"]
[WhiteTeam "Frem"]
[BlackTeam "Skanderborg"]

1. e4 c5 2. Nf3 d6 3. d4 cxd4 4. Nxd4 Nf6 5. Nc3 g6 6. Be3 Bg7 7. f3 Nc6 8. Qd2
Bd7 9. O-O-O Rc8 10. Kb1 Ne5 11. g4 a6 12. Bh6 Bxh6 13. Qxh6 Rxc3 14. bxc3 Qb6+
15. Ka1 Qa5 16. Qd2 O-O 17. g5 Nxf3 18. Nxf3 Nxe4 19. Qd4 Be6 20. Bc4 Nxc3 21.
Rd3 Nxa2 22. Kb2 Nb4 23. Rc3 Nc6 24. Qe3 Qb4+ 25. Bb3 a5 26. Kc1 d5 27. Qc5
Qf4+ 28. Qe3 Qb4 29. Qc5 Qf4+ 30. Qe3 Qb4 1/2-1/2